000 01483nam a2200433 c 4500
001 21052
003 ES-MaCES
005 20220512111523.0
008 080424s2008 sp t 000 | spa d
017 _aM 1519-2008
_bDL
020 _a9788432313165
035 _aCES20080003801m
040 _aES-MaCES
_bspa
_cES-MaCES
245 0 4 _aLas paradojas de la integración en América Latina y el Caribe
_cJosette Altmann y Francisco Aravena (eds.) ; [autores], Clovís Brigagao ... [et al.]
250 _a1ª ed
260 _aMadrid
_bFundación Carolina
_bSiglo XXI de España
_c2008
300 _aXLIV, 374 p.
_c23 cm
504 _aBibliografía
541 _cGratuito
650 4 _adesarrollo regional
_929186
650 4 _apolítica regional
_930779
650 4 _apolítica exterior
_926687
650 4 _acooperación regional
_926636
650 4 _arelaciones interinstitucionales
_930832
650 4 _aintegración económica
_927962
650 4 _azona de libre comercio
_928006
650 4 _aevaluación del impacto
_930732
650 4 _aAmérica Latina
_926882
650 4 _aCaribe
_926861
650 4 _aestudio de casos
_928846
653 1 0 _aDesarrollo regional
700 1 _aBrigagao, Clóvis
_98316
700 1 _aAltmann, Josette
_eed. lit.
_96077
700 1 _aRojas Aravena, Francisco
_eed. lit.
_922506
710 2 _aFundación Carolina
_eed.
_93773
902 _aLIB Libro
942 _2CES
_cBK
_h1.1.
999 _c21052
_d21052